Statistiques concernant Couleur de maillot des sélections nationales (football)

Cliquez ici pour prendre le quiz!

Statistiques générales

  • Ce quiz a été pris 1 163 fois
  • Le résultat moyen est 28 sur 32

Statistiques - réponses

SélectionCouleur% Correct
AngleterreBlanc
99%
AllemagneBlanc
98%
AlgérieBlanc
97%
BrésilJaune
94%
BelgiqueRouge
94%
FranceBleu
92%
ColombieJaune
92%
EspagneRouge
91%
CamerounVert
91%
Argentine*Bleu et blanc
90%
ChiliRouge
90%
Etats-UnisBlanc
88%
ItalieBleu
88%
SuisseRouge
88%
PortugalRouge
88%
GrèceBlanc
87%
UruguayBleu
87%
Bosnie-HerzégovineBleu
87%
AustralieJaune
87%
Pays-BasOrange
87%
EquateurJaune
86%
MexiqueVert
86%
NigeriaVert
86%
Côte d'IvoireOrange
84%
Costa RicaRouge
83%
Corée du SudRouge
83%
RussieRouge
83%
Croatie*Rouge et blanc
83%
JaponBleu
81%
IranBlanc
80%
HondurasBlanc
79%
GhanaBlanc
73%

Distribution des résultats

Percentile par nombre de réponses

% des personnes avec chaque résultat

Votre développement - résultats

Vous n’avez pas pris ce quiz